| 000 | 00564nam a22001937a 4500 | ||
|---|---|---|---|
| 999 |
_c16041 _d16041 |
||
| 003 | AR-CdUCM | ||
| 008 | 190430b ||||| |||| 00| 0 spa d | ||
| 040 |
_aMUNICIPALIDAD PROVINCIAL DEL CUSCO _cBIBLIOTECA MUNICIPAL DEL CUSCO |
||
| 082 |
_a823 / _bW44 |
||
| 100 |
_aWells, H.G. _918489 |
||
| 245 | _aHombres como Dioses / | ||
| 260 |
_aSantiago de Chile : _bEdit. Zic Zac, _c1933. |
||
| 300 |
_a125 paginas ; _c19 cm. |
||
| 505 | _aContenido :Novela / | ||
| 650 |
_aLiteratura _983 |
||
| 650 |
_aNovela _95 |
||
| 942 |
_2ddc _cLIBROS |
||
| 945 |
_arjall _d2019-04-30 |
||